00000000nam##2200000za#4500
0019.647962
003CaOODSP
00520230117131516
007ta
008150407|2001||||xxc|||||     f|0| 0 eng|d
020 |a0-662-29964-7|z0-662-65386-6
040 |aCaOODSP|beng
043 |an-cn---
0861 |aJL2-12/2000E
1102 |aLaw Commission of Canada.
24510|aSpeaking truth to power : |ba treaty forum
260 |aOttawa - Ontario : |bLaw Commission of Canada |c2001.
300 |ai, 194p. : |bmaps ; |c24 cm.
504 |aBibliography.
563 |aSoftcover
590 |a01-12|b2001-03-23
69007|aIndigenous lands|2gcpds
69007|aLand claims|2gcpds
69007|aConstitutional law|2gcpds
77508|tParlons franchement à propos des traités |w(CaOODSP)9.681422
7760#|tSpeaking truth to power : |w(CaOODSP)9.696342